=LDR 00000nam 2200000 4500 =001 INLIS000000000002299 =005 20130612090639 =008 ***********************************Ind** =035 ##$$0010-061300000002299 =041 ##$$a Ind =082 ##$$a 892.7 =090 ##$$a 892.7, Gib b =100 ##$$a Gibran, Kahlil =245 ##$$a Bagi sahabatku yang tertindas; Kahlil Gibran =260 ##$$a 1999 $b Yogyakarta =300 ##$$a iv, 112 hlm, 21 cm =650 ##$$a Kesusastraan Arab =850 ##$$a NBPNMAT